الاثار والزلازل : اجراءات الطوارىء وتقدير الاضرار بعد الزلزال / (Record no. 53048)
[ view plain ]
| 000 -الفاتح | |
|---|---|
| حقل البيانات ثابتة الطول | 00970nam a2200253Ia 4500 |
| 008 - عناصر البيانات ثابتة الطول - معلومات عامة | |
| حقل البيانات ثابتة الطول | 140319s9999 xx 000 0 ara d |
| 040 ## - مصدر الفهرسة | |
| وكالة الفهرسة الأصلية | GCL / |
| وكالة النسخ | GCL |
| 082 04 - رقم تصنيف ديوى العشرى | |
| رقم التصنيف | ق |
| رقم المادة | 361.51 |
| -- | ب ا |
| 100 1# - المدخل الرئيسى - إسم شخصى | |
| الإسم الشخصى | هيئة الاثار المصرية |
| 245 10 - بيان العنوان | |
| العنوان | الاثار والزلازل : اجراءات الطوارىء وتقدير الاضرار بعد الزلزال / |
| بيان المسئوليه,etc | هيئة الاثار المصرية |
| 700 1# - المدخل الاضافى - اسم شخصى | |
| الإسم الشخصى | محمد ابراهيم بكر |
| 700 1# - المدخل الاضافى - اسم شخصى | |
| الإسم الشخصى | بيشار، بيير |
| 700 1# - المدخل الاضافى - اسم شخصى | |
| الإسم الشخصى | على غالب |
| 700 1# - المدخل الاضافى - اسم شخصى | |
| الإسم الشخصى | هبة النشوتاتى |
| 260 ## - PUBLICATION, DISTRIBUTION, ETC. (IMPRINT) | |
| تاريخ النشر أو التوزيع | 1992 |
| 300 ## - الوصف المادى | |
| التعداد | 125 ص: |
| تفاصيل ماديه اخرى للوعاء | ايض ؛ |
| أبعاد الوعاء | 24 سم |
| 490 ## - بيان السلسلة | |
| عنوان السلسلة | سلسلة الثقافة الاثرية والتاريخية مشروع المائة كتاب |
| رقم المجلد/ التعيين التسلسلي | 19 |
| 650 04 - المدخل الاضافى بالموضوع-مصطلح موضوعى | |
| مصطلح موضوعي | الزلازل |
| 650 04 - المدخل الاضافى بالموضوع-مصطلح موضوعى | |
| مصطلح موضوعي | الاثار |
| 650 04 - المدخل الاضافى بالموضوع-مصطلح موضوعى | |
| مصطلح موضوعي | ترميم |
| 650 04 - المدخل الاضافى بالموضوع-مصطلح موضوعى | |
| مصطلح موضوعي | الكوارث الطبيعية |
| 942 ## - عناصر المدخل الإضافي( كوها) | |
| مصدر التصنيف او مخطط الترفيف | Dewey Decimal Classification |
| Koha [default] item type | كتاب |
| 260 ## - PUBLICATION, DISTRIBUTION, ETC. (IMPRINT) | |
| -- | القاهرة : |
| -- | هيئة الاثار المصرية ، |
| حالة التراجع | حالة الفقد | حالة تلف | ليس للاعارة | المكان المؤقت | الموقع الحالى | تاريخ الاكتساب | اجمالي اﻻعارات | رقم الطلب | الباركود | تاريخ اخر مشاهدة | تاريخ تفعيل السعر | نوع وعاء كوها |
|---|---|---|---|---|---|---|---|---|---|---|---|---|
| مكتبة القاهرة الكبرى | مكتبة القاهرة الكبرى | 03/26/2014 | ق\361.51\ ب ا | 127312 | 10/05/2022 | 03/26/2014 | كتاب | |||||
| مكتبة القاهرة الكبرى | مكتبة القاهرة الكبرى | 03/26/2014 | ق\361.51\ ب ا | 127313 | 03/26/2014 | 03/26/2014 | كتاب |

